00253cam a22000857a 4500008004000000082002100040245007100061260002500132300001000157180718b1953 xxu||||| |||| 00| 0 eng d aB7301 x 5444 Mys aThe Mysore city municipal rules and bye - lawscGovt. of Karnataka aMysorebK.V.V.c1953 a305p.